| 000 | 02001nam a22002537a 4500 | ||
|---|---|---|---|
| 001 | 10159 | ||
| 003 | FISKH | ||
| 005 | 20260428153629.0 | ||
| 008 | 260428b cb ||||| |||| 00| 0 eng d | ||
| 020 | _a9789924342137 | ||
| 040 |
_aFISKH _bkhr _cFISKH _dFISKH |
||
| 082 | _a895.932 | ||
| 100 | _aVorniere , Yoann | ||
| 245 |
_aកុំមាត់ ( 3 ) / _cBy Yoann Vorniere |
||
| 260 |
_aPhom Penh : _bSipar , _c2024 . |
||
| 300 |
_a194 unnumbered pages : _billustrations ; _c18 cm . |
||
| 490 |
_aKhmer Manga _v3 |
||
| 520 | _aការប្រហាររបស់បិសាចរោមវែងធ្វើអោយវុធនិងមិត្តៗគេបែកគ្នា ។ ក្រោយការប្រយុទ្ធយ៉ាងស្វិតស្វាញ អូសែលនិងអ្នកភូមិជ្រលងចចកអាចទៅដល់ភ្នំជើងក្អែក ។ តែប្រជាជននៅទីនោះខ្លះដូចជាមិនសូវមើលទៅអ្នកថ្មិនោះក្នុងផ្លូវល្អសោះ ......ក្នុងពេលជាមួយគ្នានេះដែរវុធនិងចន្ទព្យាយាមទៅភ្នំជើងក្អែកដោយថ្មើរជើង ជាមួយកុមារមែល ដែលគេក៏បែកគ្នាពីក្រុមគេដែរ ។ | ||
| 520 | _aThe attack of the long-haired monster caused Vuth and his friends to become separated. After a fierce battle, Osel and the villagers of the Wolf Valley managed to reach Crow Foot Mountain. However, some of the people there did not seem to view the newcomers in a positive way. At the same time, Vuth and Chan try to make their way on foot to Crow Foot Mountain, together with the child Mel, who has also been separated from his group. | ||
| 650 | _aកុំមាត់ | ||
| 650 | _aSilence | ||
| 942 |
_2ddc _cKHB _n0 |
||
| 999 |
_c10159 _d10159 |
||